00430nam a22001217a 4500082003200000100002800032245007000060250006500130260005500195300001300250526003700263650000800300 a297.1227bTAFcL-31-II, P-1 aSyed Abu Al Ala Moudodi aتفہیم القرانbTafheemul QurancSyed Abu Al Ala Moudodi aسورۃ محمد تا سورۃ الطلاق جلد پنجم aLahore, PakistanbFerozesons (Pvt) Limited, Lahore a675 P, : a0b0c0d297_122700000000000_TAF aMCE